[Event "Roncana op-C 5th"]
[Site "Santa Eulalia de Roncana"]
[Date "2011.10.15"]
[Round "3"]
[White "Bordas Llonch, Oriol"]
[Black "Martinez Arranz, Nagore"]
[Result "1-0"]
[WhiteElo "1723"]
[BlackElo "1700"]
[PlyCount "37"]
[EventDate "2011.10.01"]
[EventType "swiss"]
[EventRounds "8"]
[EventCountry "ESP"]
[SourceTitle "EXT 2013"]
[Source "ChessBase"]
[SourceDate "2012.11.22"]
[SourceVersion "1"]
[SourceVersionDate "2012.11.22"]
[SourceQuality "1"]

1. e4 e5 2. Nf3 Nc6 3. Bc4 Nf6 4. Nc3 Bc5 5. 0-0 0-0 6. d3 h6 7. Nh4 d6 8. Qf3 Bg4 9. Qg3 Be6 10. Bxe6 fxe6 11. Bxh6 Rf7 12. Qg6 Ne7 13. Qh5 g6 14. Qxg6+ Kh8 15. Qxf7 Qg8 16. Ng6+ Qxg6 17. Qxg6 Rg8 18. Qh5 Bd4 19. Bf8+ 1-0